000 01098nam a22002417a 4500
003 PE SENCICO BE
005 20251020182646.0
008 231113b |||||||| |||| 00| 0 eng d
040 _aPE SENCICO BE
_cPE SENCICO BE
041 _aspa
084 _aI
_aDIB
_a2017
_bB15
100 1 _91782
_aBaez Quispe, Cristian Scoot
_eautor
245 1 _aEspecialidad instalaciones eléctricas :
_bespecificaciones técnicas y detalles en los planos de instalaciones eléctricas /
_cCristian Scoot Baez Quispe
260 _aLima :
_c2017
300 _a44 h. :
_bil. col., tabls. ;
_c30 cm.
502 _aMonografía de Titulación.-- Servicio Nacional de Capacitación para la Industria de la Construcción. Escuela Superior Técnica. Carrera Profesional Técnica en Dibujo en Construcción Civil, 2017.
650 1 0 _9108
_aInstalaciones eléctricas
650 2 0 _91783
_aConductores eléctricos
650 2 0 _91373
_aInterruptores eléctricos
710 1 _aServicio Nacional de Capacitación para la Industria de la Construcción.
_bEscuela Superior Técnica
_91065
910 _bhfp
_chfp
942 _cMON
999 _c4436
_d4436